|
|
|
|
| LEADER |
00000caa a22000002c 4500 |
| 001 |
1526071274 |
| 003 |
DE-627 |
| 005 |
20220604105240.0 |
| 007 |
tu |
| 008 |
160223s1992 xx ||||| 00| ||ger c |
| 020 |
|
|
|a 3452224163
|
| 035 |
|
|
|a (DE-627)1526071274
|
| 035 |
|
|
|a (DE-576)45607127X
|
| 035 |
|
|
|a (DE-599)BSZ45607127X
|
| 040 |
|
|
|a DE-627
|b ger
|c DE-627
|e rakwb
|
| 041 |
|
|
|a ger
|
| 100 |
1 |
|
|a Schmidt, Horst-Alex
|d 1935-
|0 (DE-588)1145978207
|0 (DE-627)1007070927
|0 (DE-576)175803498
|4 aut
|
| 109 |
|
|
|a Schmidt, Horst-Alex 1935-
|
| 245 |
1 |
0 |
|a Erste Anfänge und Entwicklung der Staatsanwaltschaften in Schleswig-Holstein bis zum Jahre 1945
|c Horst-Alex Schmidt
|
| 264 |
|
1 |
|c 1992
|
| 336 |
|
|
|a Text
|b txt
|2 rdacontent
|
| 337 |
|
|
|a ohne Hilfsmittel zu benutzen
|b n
|2 rdamedia
|
| 338 |
|
|
|a Band
|b nc
|2 rdacarrier
|
| 773 |
0 |
8 |
|i In
|t Strafverfolgung und Strafverzicht
|d Köln : Heymann, 1992
|g (1992), Seite 1-58
|h XV, 675 S.
|w (DE-627)276744667
|w (DE-576)029741777
|z 3452224163
|7 nnam
|
| 773 |
1 |
8 |
|g year:1992
|g pages:1-58
|
| 935 |
|
|
|a mkri
|
| 951 |
|
|
|a AR
|
| ELC |
|
|
|b 1
|
| LOK |
|
|
|0 000 xxxxxcx a22 zn 4500
|
| LOK |
|
|
|0 001 2899578006
|
| LOK |
|
|
|0 003 DE-627
|
| LOK |
|
|
|0 004 1526071274
|
| LOK |
|
|
|0 005 20260209083728
|
| LOK |
|
|
|0 008 160208||||||||||||||||ger|||||||
|
| LOK |
|
|
|0 040
|a DE-21-110
|c DE-627
|d DE-21-110
|
| LOK |
|
|
|0 689
|a s
|a Staatsanwaltschaft
|
| LOK |
|
|
|0 689
|a s
|a Geschichte
|
| LOK |
|
|
|0 689
|a s
|a Nationalsozialismus
|
| LOK |
|
|
|0 689
|a s
|a Justiz
|
| LOK |
|
|
|0 689
|a s
|a Anklagegrundsatz
|
| LOK |
|
|
|0 852
|a DE-21-110
|
| LOK |
|
|
|0 852 1
|m p
|9 00
|
| LOK |
|
|
|0 935
|a k110
|
| LOK |
|
|
|0 938
|k p
|
| LOK |
|
|
|0 939
|a 08-02-16
|b l01
|
| ORI |
|
|
|a WA-MARC-krimdoka001.raw
|